| 000 | 00000nam##2200000za#4500 |
| 001 | 9.593146 |
| 003 | CaOODSP |
| 005 | 20210624201654 |
| 007 | cr ||||||||||| |
| 008 | 150406|2006||||xxc|||||o f|0| 0 fre|d |
| 020 | |a0-662-71595-0 |
| 040 | |aCaOODSP|bfre |
| 043 | |an-cn--- |
| 086 | 1 |aCH3-2/12-2006F-PDF |
| 110 | 1 |aCanada. |bPatrimoine canadien. |
| 245 | 10|aAppui aux langues officielles : |h[ressource électronique]|bapproche du ministère du Patrimoine canadien (1970-2003) |
| 260 | |aOttawa - Ontario : |bPatrimoine canadien |cc2006. |
| 300 | |a70p.|bgraphiques, carte, tableaux |
| 490 | 1 |aNouvelles perspectives canadiennes |
| 500 | |aLe nº de catalogue (CH3-2/12-2006) et l'ISBN (0-662-71595-0) de l'édition imprimée bilingue ont été incorrectement copiés dans cette édition électronique. |
| 504 | |aBibliographie. |
| 520 | 3 |aCette série de recherches pluridisciplinaires offre des informations actuelles et plusieurs sources de références sur tous les aspects des langues officielles du Canada. |
| 590 | |a11-26-Supp|b2011-11-03 |
| 691 | 07|aPromotion des langues officielles|2gcpds |
| 775 | 08|tThe Canadian Heritage approach to official languages support (1970-2003) |w(CaOODSP)9.560471 |
| 776 | 0#|tThe Canadian Heritage approach to official languages support (1970-2003) |w(CaOODSP)9.542882 |
| 776 | 0#|tAppui aux langues officielles - approche du Ministère du patrimoine canadien (1970-2003) |w(CaOODSP)9.542883 |
| 830 | #0|aNouvelles perspectives canadiennes.|w(CaOODSP)9.501270 |
| 856 | 40|ahttp://publications.gc.ca|qPDF|s1.50 Mo|uhttps://publications.gc.ca/collections/collection_2011/pc-ch/CH3-2-12-2006-fra.pdf |